Central Darts League Winners - Statistics

General Stats
  • This quiz has been taken 10 times
    7 since last reset
  • The average score is 17 of 36
Answer Stats
Season Answer % Correct
2016/2017 The Brewery
100%
2018/2019 The Brewery
100%
2021/2022 The Brewery
100%
2024/25 The Brewery
100%
2001/2002 The Quarry
100%
2007/2008 The Quarry
100%
2011/2012 The Quarry
100%
2012/2013 The Quarry
100%
2015/2016 The Quarry
100%
2017/2018 The Quarry
100%
2023/2024 The Three Sails
86%
2014/2015 Border Terrier
57%
1986/1987 Rockcliffe
43%
1987/1988 Rockcliffe
43%
1988/1989 Rockcliffe
43%
1989/1990 Rockcliffe
43%
2008/2009 Buffs Club
29%
2009/2010 Buffs Club
29%
2010/2011 Buffs Club
29%
2013/2014 Buffs Club
29%
1985/1986 Crescent Club
29%
1994/1995 The Black Horse
29%
1995/1996 The Black Horse
29%
1996/1997 The Black Horse
29%
1998/1999 Park Hotel
14%
1999/2000 Park Hotel
14%
1990/1991 The Piper
14%
1991/1992 The Piper
14%
1992/1993 The Piper
14%
1993/1994 The Piper
14%
2002/2003 The Piper
14%
2003/2004 The Piper
14%
2006/2007 Conservative Club
0%
1997/1998 High Point
0%
2004/2005 The Grange
0%
2005/2006 The Grange
0%
No matching quizzes found
Score Distribution
Percent of People with Each Score
Percentile by Number Answered
Your Score History
You have not taken this quiz since the last reset